• 首页
  • 本馆介绍
  • 公告通知
  • 最新文献
  • 馆藏检索
  • 电子资源
  • 读者导购
  • 参考咨询
  • 我的图书馆
  • 登录
  • 详细信息显示
  • 放入我的书架
  • 预约/预借图书
  • 作者相关作品
  • 分类相关作品
  • 丛书相关作品
  • 出版社相关作品

书目信息

  • 表格格式
  • 工作单格式
  • 卡片格式
题名:
法理学专题研究
    
 
作者: 肖光辉 著
分册:  
出版信息: 上海   上海社会科学院出版社  2016
页数: 399页
开本: 24cm
丛书名: 法理学研究生教育丛书
单 册:
中图分类: D903
科图分类:
主题词: 法理学--fa li xue--研究
电子资源:
ISBN: 978-7-5520-0894-4
000 01088nam0 22002651 450
001 0118172228
005 20170618172228.0
010    @a978-7-5520-0894-4@dCNY79.80
100    @a20161012d2016 em y0chiy50 ea
101 0  @achi
102    @aCN@b310000
105    @ay z 000yy
106    @ar
200 1  @a法理学专题研究@Afa li xue zhuan ti yan jiu@dResearch on the special issues of jurisprudence@f肖光辉著@zeng
210    @a上海@c上海社会科学院出版社@d2016
215    @a399页@d24cm
225 2  @a法理学研究生教育丛书@Afa li xue yan jiu sheng jiao yu cong shu
330    @a本书主要就法的起源、法的概念与本质、法律规范、法的遵守、法与正义、国家权力与法、法律方法论、法律信仰、西方政治哲学中的自然法精神、西方主流法学流派这十个专题作了深入分析,内容既涉及法哲学的一般问题,也包括前沿问题。
461  0 @12001 @a法理学研究生教育丛书
510 1  @aResearch on the special issues of jurisprudence@zeng
606 0  @a法理学@Afa li xue@x研究
690    @aD903@v5
701  0 @a肖光辉@Axiao guang hui@c(法律)@4著
801  0 @aCN@bTANGWEI@c20170615
905    @b1008909-14@dD903@e726@f6
    
    法理学专题研究=Research on the special issues of jurisprudence/肖光辉著.-上海:上海社会科学院出版社,2016
    399页;24cm.-(法理学研究生教育丛书)
    
    
    ISBN 978-7-5520-0894-4:CNY79.80
    本书主要就法的起源、法的概念与本质、法律规范、法的遵守、法与正义、国家权力与法、法律方法论、法律信仰、西方政治哲学中的自然法精神、西方主流法学流派这十个专题作了深入分析,内容既涉及法哲学的一般问题,也包括前沿问题。
●
相关链接 在E读中查询图书 在五车中查询图书 在当当中查询图书 在豆瓣中查询图书


正题名:法理学专题研究     索取号:D903/726         预约/预借

序号 登录号 条形码 馆藏地/架位号 状态 备注
1 1008909   210089090   第一样本阅览室/ [索取号:D903/726] 在馆    
2 1008910   210089107   教育系资料室/ [索取号:D903/726] 在馆    
3 1008911   210089116   教育系资料室/ [索取号:D903/726] 在馆    
4 1008912   210089125   教育系资料室/ [索取号:D903/726] 在馆    
5 1008913   210089134   第一借阅区/ [索取号:D903/726] 在馆    
6 1008914   210089143   第一借阅区/ [索取号:D903/726] 在馆    
唐山师范学院图书馆 欢迎您!
大连网信软件有限公司© 版权所有